[Event "IBCA Wch blind Gr1"]
[Site "Zaragoza"]
[Date "2013.06.16"]
[Round "5"]
[White "Jaimes, Fredy Alexander"]
[Black "Saikrishna, ST."]
[Result "0-1"]
[WhiteElo "1766"]
[BlackElo "1834"]
[PlyCount "56"]
[EventDate "2013.06.12"]
[EventType "swiss"]
[EventRounds "7"]
[EventCountry "ESP"]
[SourceTitle "EXT 2014"]
[Source "ChessBase"]
[SourceDate "2013.11.20"]
[SourceVersion "1"]
[SourceVersionDate "2013.11.20"]
[SourceQuality "1"]

1. e4 e6 2. d4 d5 3. e5 c5 4. c3 Nc6 5. Nf3 Qb6 6. a3 a5 7. Be2 Nge7 8. dxc5 Qc7 9. Be3 Ng6 10. Nbd2 Ngxe5 11. Nxe5 Nxe5 12. b4 Be7 13. 0-0 0-0 14. f4 Ng6 15. Nb3 axb4 16. axb4 Rxa1 17. Qxa1 Bf6 18. Qc1 Re8 19. Bd4 Bd8 20. Qe3 Bd7 21. h3 f6 22. Qf3 Rf8 23. Bd3 Ne7 24. Qh5 g6 25. Qf3 Rf7 26. g4 Be8 27. f5 e5 28. fxg6 hxg6 0-1

[Event "Bhubaneswar KIIT Cup blind"]
[Site "Bhubaneswar"]
[Date "2013.01.28"]
[Round "7"]
[White "Saikrishna, ST."]
[Black "Kishan, Gangolli"]
[Result "1/2-1/2"]
[WhiteElo "1746"]
[BlackElo "2028"]
[PlyCount "44"]
[EventDate "2013.01.25"]
[EventType "tourn"]
[EventRounds "13"]
[EventCountry "IND"]
[SourceTitle "EXT 2015"]
[Source "ChessBase"]
[SourceDate "2014.11.20"]
[SourceVersion "1"]
[SourceVersionDate "2014.11.20"]
[SourceQuality "1"]

1. e4 e5 2. Nf3 Nf6 3. Nxe5 d6 4. Nf3 Nxe4 5. Nc3 Nxc3 6. dxc3 Be7 7. Bd3 0-0 8. 0-0 Nc6 9. Be3 Be6 10. Qe2 Qd7 11. Rad1 Bf5 12. Bxf5 Qxf5 13. Nd4 Nxd4 14. Bxd4 Bf6 15. Qd3 Qxd3 16. Rxd3 Bxd4 17. cxd4 Rfe8 18. Re3 Kf8 19. Rfe1 Rxe3 20. Rxe3 Re8 21. Rxe8+ Kxe8 22. Kf1 g6 1/2-1/2